| 000 | 00552nam a2200193 a 4500 | ||
|---|---|---|---|
| 005 | 20210223123717.0 | ||
| 008 | 991125s1971 mx 000 0 spa u | ||
| 035 | _aUPN01000058488 | ||
| 049 | _aCG | ||
| 050 | 4 |
_aND259 R6 _bG3.8 |
|
| 100 | 1 |
_aGarcía Ponce, Juan, _d1932-2003 _930572 |
|
| 245 | 1 | 0 |
_aVicente Rojo / _cJuan García Ponce. |
| 260 |
_aMéxico : _bUNAM, _c1971. |
||
| 300 |
_a105 p. : _bil. (algunas col.) |
||
| 440 | 0 |
_aColección de arte ; _v19 |
|
| 600 | 1 | 4 |
_aROJO, VICENTE, _d1932- _926311 |
| 650 | 4 | _aPINTURA ESPAÑOLA | |
| 905 | _aLibro | ||
| 999 |
_c58488 _d58488 |
||